Drug Stability. (Record no. 4519)

MARC details
000 -LEADER
fixed length control field 00566nam a22002057a 4500
003 - CONTROL NUMBER IDENTIFIER
control field OSt
005 - DATE AND TIME OF LATEST TRANSACTION
control field 20160628135831.0
008 - FIXED-LENGTH DATA ELEMENTS--GENERAL INFORMATION
fixed length control field 160628b xxu||||| |||| 00| 0 eng d
020 ## - INTERNATIONAL STANDARD BOOK NUMBER
International Standard Book Number 0824703766
040 ## - CATALOGING SOURCE
Transcribing agency DNLM>
082 ## - DEWEY DECIMAL CLASSIFICATION NUMBER
Classification number QV746D842j 2007.
100 ## - MAIN ENTRY--PERSONAL NAME
Personal name Edited by Carstensen,T.Jens; Rhodes,C.T;
9 (RLIN) 9691
245 ## - TITLE STATEMENT
Title Drug Stability.
Remainder of title Principles and Practices.
250 ## - EDITION STATEMENT
Edition statement 3rd ed.
260 ## - PUBLICATION, DISTRIBUTION, ETC. (IMPRINT)
Place of publication, distribution, etc. New York.
Name of publisher, distributor, etc. Informa Healthcare.
Date of publication, distribution, etc. 2007.
300 ## - PHYSICAL DESCRIPTION
Extent vii,773p;
Other physical details ill;
Dimensions 26cm.
504 ## - BIBLIOGRAPHY, ETC. NOTE
Bibliography, etc includes index.
650 ## - SUBJECT ADDED ENTRY--TOPICAL TERM
Topical term or geographic name as entry element Pharmacology.
9 (RLIN) 357
942 ## - ADDED ENTRY ELEMENTS (KOHA)
Source of classification or shelving scheme Other/Generic Classification Scheme
Koha item type Open Shelf
Holdings
Withdrawn status Lost status Source of classification or shelving scheme Damaged status Not for loan Home library Current library Date acquired Source of acquisition Inventory number Total Checkouts Full call number Barcode Date last seen Koha item type
    Other/Generic Classification Scheme     MUST Main Library MUST Main Library 28/06/2016   07/29165   QV746 D842j 2007. 2016-2807 28/06/2016 Open Shelf
    Other/Generic Classification Scheme     MUST Main Library MUST Main Library 28/06/2016   07/29571   QV746 D842j 2007. 2016-2808 28/06/2016 Open Shelf
    Other/Generic Classification Scheme     MUST Main Library MUST Main Library 28/06/2016   07/29573   QV746 D842j 2007. 2016-2809 28/06/2016 Open Shelf
    Other/Generic Classification Scheme     MUST Main Library MUST Main Library 28/06/2016   07/29572   QV746 D842j 2007. 2016-2810 28/06/2016 Open Shelf
    Other/Generic Classification Scheme     Pharmacy Department Library Pharmacy Department Library 16/11/2018   07/29164   QV746 D842j 2007. 2018-0421 16/11/2018 Short Loan